Central Library OPAC University of Rajshahi

Radiation : (Record no. 8749)

MARC details
000 -LEADER
fixed length control field 00840cam a22002651 4500
001 - CONTROL NUMBER
control field 8749
003 - CONTROL NUMBER IDENTIFIER
rucl marc code BD-RjUL
005 - DATE AND TIME OF LATEST TRANSACTION
control field 20211208234637.0
008 - FIXED-LENGTH DATA ELEMENTS--GENERAL INFORMATION
fixed length control field 140119r19621957nyu b 000 0 eng
035 ## - SYSTEM CONTROL NUMBER
System control number (BD-RjUL)8794
System control number (OCoLC)846894
040 ## - CATALOGING SOURCE
Original cataloging agency DLC
Transcribing agency OWorP
Modifying agency OTMC
-- OCoLC
-- DLC
-- BD-RjUL
Language of cataloging eng
041 ## - LANGUAGE CODE
Language code of text/sound track or separate title eng
082 00 - DEWEY DECIMAL CLASSIFICATION NUMBER
Classification number 612.014482
Author mark and year SCR 1962
100 1# - MAIN ENTRY--PERSONAL NAME
Personal name Schubert, Jack,
Dates associated with a name 1917-
9 (RLIN) 27213
245 10 - TITLE STATEMENT
Title Radiation :
Statement of responsibility, etc. by Jack Schubert and Ralph E. Lapp.
Remainder of title what it is and how it affects you /
260 ## - PUBLICATION, DISTRIBUTION, ETC. (IMPRINT)
Place of publication, distribution, etc. New York :
Name of publisher, distributor, etc. Viking Press,
Date of publication, distribution, etc. c1957[printing 1962].
300 ## - PHYSICAL DESCRIPTION
Pagination 314 p. ;
Size 22 cm.
504 ## - BIBLIOGRAPHY, ETC. NOTE
Bibliography, etc Bibliography: p. 281-302.
650 #0 - SUBJECT ADDED ENTRY--TOPICAL TERM
Topical term or geographic name as entry element Radiation
General subdivision Physiological effect.
9 (RLIN) 27214
700 1# - ADDED ENTRY--PERSONAL NAME
Personal name Lapp, Ralph Eugene,
Dates associated with a name 1917-
Relator term joint author.
942 ## - ADDED ENTRY ELEMENTS (KOHA)
Source of classification or shelving scheme Dewey Decimal Classification
Koha item type Books
Holdings
Lost status Source of classification or shelving scheme Damaged status Not for loan Permanent Location Current Location Shelving location Date acquired Source of acquisition Total Checkouts Full call number Date last seen Copy number Koha item type
  Dewey Decimal Classification   Not For Loan Central Library, University of Rajshahi Central Library, University of Rajshahi   15/05/1963 Asia Foundation.   612.014482 SCR 1962 19/01/2014 C-1 Books